2010s US Sports Champions - Statistics

General Stats
  • This quiz has been taken 331 times
    263 since last reset
  • The average score is 42 of 53
Answer Stats
Year NFL % Correct
2017 Super Bowl LI New England Patriots
98%
2015 Super Bowl XLIX New England Patriots
98%
2018 NBA Finals Golden State Warriors
95%
2017 NBA Finals Golden State Warriors
95%
2015 NBA Finals Golden State Warriors
95%
2016 NBA Finals Cleveland Cavaliers
92%
2013 NBA Finals Miami Heat
92%
2012 NBA Finals Miami Heat
92%
2010 NBA Finals Los Angeles Lakers
90%
2012 Super Bowl XLVI New York Giants
90%
2018 Super Bowl LII Philadelphia Eagles
90%
2014 World Series San Francisco Giants
90%
2012 World Series San Francisco Giants
90%
2010 World Series San Francisco Giants
90%
2016 Super Bowl 50 Denver Broncos
89%
2014 NBA Finals San Antonio Spurs
87%
2014 Super Bowl XLVIII Seattle Seahawks
86%
2018 CFP National Championship Alabama Crimson Tide
84%
2016 CFP National Championship Alabama Crimson Tide
83%
2013 BCS National Championship Alabama Crimson Tide
83%
2012 BCS National Championship Alabama Crimson Tide
83%
2010 BCS National Championship Alabama Crimson Tide
83%
2013 World Series Boston Red Sox
82%
2017 World Series Houston Astros
82%
2011 NBA Finals Dallas Mavericks
81%
2013 Super Bowl XLVII Baltimore Ravens
80%
2017 CFP National Championship Clemson Tigers
80%
2011 Super Bowl XLV Green Bay Packers
80%
2017 Stanley Cup Pittsburgh Penguins
80%
2016 Stanley Cup Pittsburgh Penguins
80%
2016 World Series Chicago Cubs
78%
2015 NCAA Tournament Duke Blue Devils
76%
2010 NCAA Tournament Duke Blue Devils
76%
2015 Stanley Cup Chicago Blackhawks
73%
2013 Stanley Cup Chicago Blackhawks
73%
2010 Stanley Cup Chicago Blackhawks
73%
2011 Stanley Cup Boston Bruins
72%
2010 Super Bowl XLIV New Orleans Saints
72%
2015 World Series Kansas City Royals
71%
2017 NCAA Tournament North Carolina Tar Heels
70%
2015 CFP National Championship Ohio State Buckeyes
70%
2014 Stanley Cup Los Angeles Kings
69%
2012 Stanley Cup Los Angeles Kings
69%
2011 World Series St. Louis Cardinals
69%
2018 NCAA Tournament Villanova Wildcats
69%
2016 NCAA Tournament Villanova Wildcats
69%
2018 Stanley Cup Washington Capitals
68%
2012 NCAA Tournament Kentucky Wildcats
65%
2014 BCS National Championship Florida State Seminoles
60%
2011 BCS National Championship Auburn Tigers
58%
2014 NCAA Tournament Connecticut Huskies
55%
2011 NCAA Tournament Connecticut Huskies
55%
2013 NCAA Tournament Louisville Cardinals
40%
No matching quizzes found
Score Distribution
Percent of People with Each Score
Percentile by Number Answered
Your Score History
You have not taken this quiz since the last reset